000 01410pab a2200157 454500
008 180718b2000 xxu||||| |||| 00| 0 eng d
100 _aJames, Oliver
245 _aRegulation inside government: public interest justifications and regulatory failures
260 _c2000
300 _ap.327-43
520 _aRegulation is normally thought of as government regulation of the private sector, particularly business. However, there is a developing literature on regulation inside government, exploring the ways in which government regulates itself through a range of bodies which set standards for public sector organizations, monitor them and seek to bring about compliance with those standards. Reading across economic theories of business regulation to regulation inside government, this article suggests that the current wave of reform inside the UK public sector implicitly reflects a public interest view of regulation. However, the analogous public interest justification for the regulation of business has been heavily criticized and regulatory failures have been suggested including regulation in the interest of regulated bodies, regulation in the interest of regulators and the high costs of operating regulatory systems. - Reproduced
650 _aGovernment regulation of commerce - Great Britain
650 _aGovernment regulation of commerce
773 _aPublic Administration
909 _a45739
999 _c45739
_d45739